| 000 | 01711cam a22002054a 4500 | ||
|---|---|---|---|
| 005 | 20250605164233.0 | ||
| 008 | 250528s ||||||||||||||||||||||||d | ||
| 035 | _a21038 | ||
| 020 | _a9789605460785 | ||
| 040 |
_aGR-AtMCL _bgre _dGR-AtMCL _eAACR2 |
||
| 245 | 1 | _aΣύνδρομο Asperger / Ένας Πλήρης Οδηγός | |
| 260 |
_bΠεδίο, _c2012 |
||
| 300 | _a544 | ||
| 520 | _aΟ συγγραφέας παρέχει στους επαγγελματίες, στους γονείς, στα ίδια τα άτομα με σύνδρομο Asperger αλλά και σε κάθε ενδιαφερόμενο έναν πλήρη οδηγό με όλες τις επιστημονικές πληροφορίες σχετικά με το σύνδρομο. Πρόλογος, Ευχαριστίες, Τι είναι το Σύνδρομο Asperger, Η Διάγνωση, Κοινωνική Κατανόηση και Φιλία, Πειράγματα και Εκφοβισμός, Θεωρία του Νου, Κατανόηση και Έκφραση των Συναισθημάτων, Ιδιαίτερα Ενδιαφέροντα, Γλώσσα, Γνωστικές Δεξιότητες, Κίνηση και Συντονισμός, Αισθητηριακή Ευαισθησία, Η Ζωή μετά το Σχολείο: Πανεπιστήμιο και Επαγγελματική Σταδιοδρομία, Μακροχρόνιες Σχέσεις, Ψυχοθεραπεία, Συχνές Ερωτήσεις, Γλωσσάρι, Πηγές, Βιβλιογραφία. | ||
| 700 | 1 |
_aAttwood Tony _95947 |
|
| 700 | 1 |
_aΠαπαγεωργίου Βάγια Α _97058 |
|
| 942 | _cBK | ||
| 999 |
_c6110 _d6110 |
||